<?xml version="1.0" encoding="UTF-8"?><?xml-stylesheet type="text/xsl" href="static/style.xsl"?><OAI-PMH xmlns="http://www.openarchives.org/OAI/2.0/" xmlns:xsi="http://www.w3.org/2001/XMLSchema-instance" xsi:schemaLocation="http://www.openarchives.org/OAI/2.0/ http://www.openarchives.org/OAI/2.0/OAI-PMH.xsd"><responseDate>2026-04-17T12:08:15Z</responseDate><request verb="GetRecord" identifier="oai:www.recercat.cat:10256/14266" metadataPrefix="marc">https://recercat.cat/oai/request</request><GetRecord><record><header><identifier>oai:recercat.cat:10256/14266</identifier><datestamp>2024-06-18T12:11:00Z</datestamp><setSpec>com_2072_452955</setSpec><setSpec>com_2072_2054</setSpec><setSpec>col_2072_452961</setSpec></header><metadata><record xmlns="http://www.loc.gov/MARC21/slim" xmlns:dcterms="http://purl.org/dc/terms/" xmlns:xsi="http://www.w3.org/2001/XMLSchema-instance" xmlns:doc="http://www.lyncode.com/xoai" xsi:schemaLocation="http://www.loc.gov/MARC21/slim http://www.loc.gov/standards/marcxml/schema/MARC21slim.xsd">
   <leader>00925njm 22002777a 4500</leader>
   <datafield ind2=" " ind1=" " tag="042">
      <subfield code="a">dc</subfield>
   </datafield>
   <datafield ind2=" " ind1=" " tag="720">
      <subfield code="a">Collazo Expósito, Leslie Mahe</subfield>
      <subfield code="e">author</subfield>
   </datafield>
   <datafield ind2=" " ind1=" " tag="720">
      <subfield code="a">Geli, Anna M.</subfield>
      <subfield code="e">author</subfield>
   </datafield>
   <datafield ind2=" " ind1=" " tag="260">
      <subfield code="c">2017</subfield>
   </datafield>
   <datafield ind2=" " ind1=" " tag="520">
      <subfield code="a">Faced with the demand to promote more global changes in&#xd;
the conception of the educational process, we present a work based on&#xd;
the application of the principles of sustainability in the framework of the&#xd;
Master’s Training Secondary Teacher offered by the University of Girona.&#xd;
In this teaching innovation proposal, we show how students experience,&#xd;
from an active role, three different active methodologies: Problem Based&#xd;
Learning, Service Learning and reflective learning through the Teacher&#xd;
Portfolio. According to the results, the participants not only improve in&#xd;
their own critical thinking and systemic skills, self-regulation of learning,&#xd;
capacity for transformation and reflection, they also develop tools to be able&#xd;
to apply them throughout their future professional activity as secondary&#xd;
teachers Capable of innovating and transforming the system. We detail&#xd;
how this proposal is framed and justified and describe how it was put into&#xd;
practice without obviating the different forms of evaluation, and we expose&#xd;
some of the opinions of the students</subfield>
   </datafield>
   <datafield ind2=" " ind1=" " tag="520">
      <subfield code="a">Dada a demanda para promover mudanças mais globais na concepção do&#xd;
processo educativo, apresentamos um trabalho baseado na aplicação dos&#xd;
princípios da sustentabilidade ao Mestrado de Formação de professores&#xd;
do ensino secundário oferecido pela Universidade de Girona.&#xd;
Nesta proposta de inovação pedagógica, mostramos como os alunos&#xd;
experimentam, a partir de um papel ativo, três metodologias ativas distintas:&#xd;
Aprendizagem Baseada em Problemas, Aprendizagem por Serviço&#xd;
e Aprendizagem Reflexiva por meio do portfolio docente. De acordo com&#xd;
os resultados, os participantes não apenas melhoram em suas próprias&#xd;
habilidades de pensamento crítico e sistêmico, autorregulação da aprendizagem,&#xd;
capacidade de processamento e de reflexão, mas também desenvolvem ferramentas para aplicá-las ao longo da sua futura carreira&#xd;
como professores do ensino secundário, capazes de inovar e transformar&#xd;
o sistema. Detalhamos como está enquadrada e justificada esta proposta&#xd;
e descrevemos como a prática era feita sem ignorar as diferentes formas&#xd;
de avaliação, e expomos algumas opiniões dos estudantes</subfield>
   </datafield>
   <datafield ind2=" " ind1=" " tag="520">
      <subfield code="a">Ante la demanda de impulsar cambios más globales en la&#xd;
concepción del proceso educativo, presentamos un trabajo basado en la&#xd;
aplicación de los principios de la sostenibilidad en el marco del Máster&#xd;
de Formación del profesorado de secundaria que ofrece la Universitat de&#xd;
Girona. En esta propuesta de innovación docente mostramos de qué forma&#xd;
los estudiantes experimentan, desde un rol activo, tres metodologías&#xd;
activas diferentes: Aprendizaje Basado en Problemas, Aprendizaje por&#xd;
Servicio y el aprendizaje reflexivo a través del Portafolio Docente. Según&#xd;
muestran los resultados, los participantes no solamente mejoran en sus&#xd;
propias habilidades de pensamiento crítico y sistémico, auto-regulación del&#xd;
aprendizaje, capacidad de transformación y reflexión, además desarrollan&#xd;
herramientas para poder aplicarlas a lo largo de su futura actividad profesional&#xd;
como profesores de secundaria capaces de innovar y de transformar&#xd;
el sistema. Detallamos como está enmarcada y justificada esta propuesta&#xd;
y describimos como se llevó a la práctica sin obviar las diferentes formas&#xd;
de evaluación, y exponemos algunas de las opiniones de los estudiantes</subfield>
   </datafield>
   <datafield ind1="8" ind2=" " tag="024">
      <subfield code="a">http://hdl.handle.net/10256/14266</subfield>
   </datafield>
   <datafield tag="653" ind2=" " ind1=" ">
      <subfield code="a">Ensenyament -- Innovacions</subfield>
   </datafield>
   <datafield tag="653" ind2=" " ind1=" ">
      <subfield code="a">Educational innovations</subfield>
   </datafield>
   <datafield tag="653" ind2=" " ind1=" ">
      <subfield code="a">Ensenyament -- Mètodes actius</subfield>
   </datafield>
   <datafield tag="653" ind2=" " ind1=" ">
      <subfield code="a">Activity programs in education</subfield>
   </datafield>
   <datafield tag="653" ind2=" " ind1=" ">
      <subfield code="a">Didàctica</subfield>
   </datafield>
   <datafield tag="653" ind2=" " ind1=" ">
      <subfield code="a">Desenvolupament sostenible</subfield>
   </datafield>
   <datafield tag="653" ind2=" " ind1=" ">
      <subfield code="a">Sustainable development</subfield>
   </datafield>
   <datafield tag="653" ind2=" " ind1=" ">
      <subfield code="a">Teaching</subfield>
   </datafield>
   <datafield ind2="0" ind1="0" tag="245">
      <subfield code="a">Avanzar en la educación para la sostenibilidad: combinación de metodologías para trabajar el pensamiento crítico y autónomo, la reflexión y la capacidad de transformación del sistema = Avançar na educação para a sustentabilidade: combinação de metodologias para desenvolver o pensamento crítico e autônomo, a reflexão e a capacidade de processamento do sistema = Advancement in Education for Sustainability: combining methodologies to work on critical and autonomous thinking, reflection and the capacity for transformation of the system</subfield>
   </datafield>
</record></metadata></record></GetRecord></OAI-PMH>